Los cuatro músicos / (Registro nro. 12328)

Detalles MARC
000 -LIDER
fixed length control field 01065nam a22003137a 4500
001 - NÚMERO DE CONTROL
Identificador de número de control 0011910
003 - IDENTIFICACDOR DE NÚMERO DE CONTROL
control field DO-SdBPM
005 - DATE AND TIME OF LATEST TRANSACTION
control field 20250522094230.0
007 - CAMPOS FIJOS DE DESCRIPCIÓN FÍSICA
fixed length control field 0011910
008 - ELEMENTOS DE LONGITUD FIJA
fixed length control field 161206b2000 sp |||| 00| 0 spa d
020 ## - ISBN
International Standard Book Number 9788484121046
040 ## - FUENTE DE CATALOGACIÓN
Agencia que crea de manera original el registro DO-SdBPM
Idioma de catalogación spa
Agencia que realiza la transcripción BPMSU
082 #4 - NÚMERO DE CLASIFICACIÓN DECIMAL DE DEWEY
Classification number 863.6
Item number S113c 2000
Edition number 22
100 1# - ASIENTO PRINCIPAL -- NOMBRE PERSONAL
Nombre personal Sabaté, Teresa
Fechas asociadas con el nombre 1955-
245 14 - MENCIÓN DE TITULO
Título Los cuatro músicos /
Subtítulo Jacobs Grimm ; adaptación Teresa Sabaté ; ilustraciones Julia Serra
260 ## - PUBLICACIÓN, DISTRIBUCIÓN, ETC. (PIE DE IMPRENTA)
Lugar de publicación, distribución, etc Barcelona :
Nombre del editor, distribuidor, etc. Editorial Miguel A. Salvatella,
Fecha de publicación, distribución, etc 2000.
300 ## - DESCRIPCIÓN FÍSICA
Extensión 32 p. :
Otros detalles físicos il.,
Dimensiones 21 cm.
490 0# - MENCIÓN DE SERIES
Mención de serie Clásicos
590 ## - NOTA LOCAL
Texto de la nota local Inventariado, 2025/VM
650 #4 - ENCABEZAMIENTO DE MATERIA--TEMÁTICO
Término temático o nombre geográfico como elemento de entrada Cuentos infantiles españoles
650 #4 - ENCABEZAMIENTO DE MATERIA--TEMÁTICO
Término temático o nombre geográfico como elemento de entrada Cuentos infantiles
Subdivisión de forma Adaptaciones
650 #4 - ENCABEZAMIENTO DE MATERIA--TEMÁTICO
Término temático o nombre geográfico como elemento de entrada Músicos
Subdivisión de forma Cuentos infantiles.
700 1# - ASIENTO SECUNDARIO -- NOMBRE PERSONAL
Nombre personal Serra, Julia
Mención de responsabilidad ilustraciones
700 1# - ASIENTO SECUNDARIO -- NOMBRE PERSONAL
Nombre personal Grimm, Wilhelm Karl,
Fechas asociadas con el nombre 1786-1859.
Título de una obra Los cuatro músicos
700 1# - ASIENTO SECUNDARIO -- NOMBRE PERSONAL
Nombre personal Grimm, Jacob Ludwig Karl,
Fechas asociadas con el nombre 1785-1863.
Título de una obra Los cuatro músicos
700 1# - ASIENTO SECUNDARIO -- NOMBRE PERSONAL
Nombre personal Serra, Julia,
Mención de responsabilidad il.
910 ## - VALIDACIÓN
Validación VMateo V. Control de calidad. BPMSU
942 ## - ADDED ENTRY ELEMENTS (KOHA)
Source of classification or shelving scheme Dewey Decimal Classification
Koha item type Libros
Existencias
Withdrawn status Lost status Source of classification or shelving scheme Damaged status Not for loan Collection code Home library Current library Date acquired Source of acquisition Total Checkouts Full call number Barcode Date last seen Price effective from Koha item type
    Dewey Decimal Classification     Colección Infantil General Biblioteca Pública Metropolitana Salomé Ureña Biblioteca Pública Metropolitana Salomé Ureña 12/06/2016 Fundi   BPMSU CGI 863.6 S113c 2000 BPMSU16120177 12/06/2016 12/06/2016 Libros